| 000 | 01002nam a22003137a 4500 | ||
|---|---|---|---|
| 003 | CHAP | ||
| 005 | 20220329133749.0 | ||
| 008 | 971013s1971 r 00010 d | ||
| 010 | _a10528 | ||
| 011 | _a11500 | ||
| 035 | _a10738 | ||
| 040 | _cCHAP | ||
| 082 |
_a549 _bD33y 1969 |
||
| 100 | 0 | 0 |
_aDana, Edward Salisbury. _931013 |
| 245 |
_aTratado de minerología _b: con un tratado extenso sobre cristalografía y mineralogía física |
||
| 260 |
_aMéxico : _bCECSA, _c1971 |
||
| 300 |
_a912 p. _b: ilus |
||
| 500 | _aTrad. de la 4 ed. en inglés de 1969 | ||
| 590 |
_aBATCH-UPD _b10 _c20130110 _lUCH01 _h2123 |
||
| 590 |
_aBATCH-UPD _b10 _c20130410 _lUCH01 _h1433 |
||
| 590 |
_aBATCH-UPD _b10 _c20130914 _lUCH01 _h1058 |
||
| 590 |
_aCONVERSION _b10 _c20130109 _lUCH01 _h1307 |
||
| 650 | 1 | 4 |
_aCristalografía. _928986 |
| 650 | 1 | 4 |
_aMineralogía. _975940 |
| 700 | 0 |
_aFord, William E. _942301 |
|
| 901 | _aBK | ||
| 942 | _cLIBRO | ||
| 949 |
_a549 D33y 1969 _bBC _cMUT _d-22509 _eMUT _h46047 _i10738 _si _t330.00 |
||
| 999 |
_c10528 _d10528 |
||